[Event "Valasska Bystrice op"]
[Site "Valasska Bystrice"]
[Date "2023.09.11"]
[Round "4"]
[White "Pys, Zbynek"]
[Black "Oktavec, Ivan"]
[Result "1-0"]
[WhiteElo "1873"]
[BlackElo "1574"]
[PlyCount "125"]
[EventDate "2023.09.09"]
[EventType "swiss"]
[EventRounds "9"]
[EventCountry "CZE"]
[SourceTitle "CBM 216 Extra"]
[Source "ChessBase"]
[SourceDate "2023.11.30"]
[SourceVersion "1"]
[SourceVersionDate "2023.11.30"]
[SourceQuality "1"]

1. Nf3 d6 2. d4 Nf6 3. c4 c6 4. Nc3 g6 5. e4 Bg7 6. Be2 0-0 7. 0-0 Nbd7 8. h3 Qc7 9. Be3 e5 10. Rc1 Ne8 11. Qb3 Qb6 12. c5 Qxb3 13. axb3 exd4 14. Nxd4 Nxc5 15. b4 Ne6 16. Nb3 b6 17. f4 Bb7 18. Bf3 Bh6 19. g3 Bg7 20. f5 N6c7 21. Rfd1 Be5 22. Bh6 Bg7 23. Bf4 Be5 24. Bh6 Bg7 25. Bg5 Be5 26. Be7 Bxg3 27. Bxf8 Kxf8 28. Kg2 Bf4 29. Rc2 g5 30. Ne2 Be5 31. Nbc1 Nf6 32. Nd3 Ke7 33. Nxe5 dxe5 34. Nc3 Rd8 35. Rxd8 Kxd8 36. Kf2 Ke7 37. Ke3 Nfe8 38. Rg2 f6 39. Be2 Nd6 40. h4 h6 41. hxg5 hxg5 42. Rh2 Nce8 43. Rh7+ Kd8 44. b3 b5 45. Bh5 a6 46. Rh8 Bc8 47. Ne2 Bd7 48. Ng3 Bc8 49. Bg6 Bd7 50. Nh5 Ke7 51. Kd3 Nc8 52. Rh7+ Kd8 53. Bxe8 Bxe8 54. Nxf6 Nd6 55. Rh8 Ke7 56. Nxe8 Nxe8 57. Rg8 Kf7 58. Rxg5 Nf6 59. Ke3 Kf8 60. Rg1 Nd7 61. Ra1 Nb8 62. Kf3 Kf7 63. Kg4 1-0

[Event "Zlin Region-chT 2223"]
[Site "Czech Republic"]
[Date "2023.02.26"]
[Round "9.3"]
[White "Zvardon, Petr"]
[Black "Pys, Zbynek"]
[Result "1/2-1/2"]
[WhiteElo "2068"]
[BlackElo "1915"]
[PlyCount "139"]
[EventDate "2022.10.09"]
[EventType "team-tourn"]
[EventRounds "11"]
[EventCountry "CZE"]
[SourceTitle "EXT 2024"]
[Source "ChessBase"]
[SourceDate "2023.10.10"]
[SourceVersion "1"]
[SourceVersionDate "2023.10.10"]
[SourceQuality "1"]
[WhiteTeam "Francova Lhota Sokol"]
[BlackTeam "Valasska Bystrice Sokol"]
[WhiteTeamCountry "CZE"]
[BlackTeamCountry "CZE"]

1. e4 c5 2. Nf3 d6 3. Bb5+ Bd7 4. a4 a6 5. Bxd7+ Qxd7 6. 0-0 Nc6 7. d3 g6 8. Nbd2 Bg7 9. Nc4 Qc7 10. Re1 e5 11. a5 Nge7 12. Bg5 f6 13. Be3 0-0 14. c3 Rad8 15. Qb3 Kh8 16. Nb6 Rde8 17. d4 exd4 18. cxd4 cxd4 19. Nxd4 Nxd4 20. Bxd4 Nc6 21. Bc3 Qf7 22. Qa3 f5 23. exf5 Rxe1+ 24. Rxe1 Qxf5 25. Bxg7+ Kxg7 26. Qc3+ Kg8 27. Rf1 Qxa5 28. Qb3+ Kg7 29. Nd5 Rf7 30. Qd1 Qc5 31. Ne3 b5 32. Qa1 Nb4 33. Rc1 Qe5 34. Qa3 a5 35. Qxa5 Qxb2 36. Rf1 Nd3 37. Nd1 Qe5 38. Qd2 Nf4 39. Re1 Qd5 40. Qb2+ Kh6 41. Ne3 Qg5 42. Qd4 Nh3+ 43. Kh1 Nxf2+ 44. Kg1 Qf4 45. Qxf4+ Rxf4 46. g3 Rf7 47. Kg2 Nd3 48. Rd1 Nc5 49. Rxd6 Rb7 50. Rd5 Ne4 51. Rd4 Nf6 52. Rb4 Kg7 53. g4 Re7 54. g5 Rxe3 55. gxf6+ Kxf6 56. Rxb5 Re5 57. Rb7 h6 58. Ra7 Kg5 59. Ra4 h5 60. Rb4 Kf5 61. Ra4 g5 62. Rb4 g4 63. Rb2 h4 64. Rf2+ Kg5 65. Ra2 Kf4 66. Kf2 Re4 67. Ra3 Rb4 68. Ra2 Ke4 69. Re2+ Kf4 70. Ra2 1/2-1/2

[Event "Zlin Region-chT 2223"]
[Site "Czech Republic"]
[Date "2023.02.12"]
[Round "8.4"]
[White "Vrzal, Filip"]
[Black "Pys, Zbynek"]
[Result "1-0"]
[WhiteElo "1751"]
[BlackElo "1915"]
[PlyCount "111"]
[EventDate "2022.10.09"]
[EventType "team-tourn"]
[EventRounds "11"]
[EventCountry "CZE"]
[SourceTitle "EXT 2024"]
[Source "ChessBase"]
[SourceDate "2023.10.10"]
[SourceVersion "1"]
[SourceVersionDate "2023.10.10"]
[SourceQuality "1"]
[WhiteTeam "Postoupky Sokol"]
[BlackTeam "Valasska Bystrice Sokol"]
[WhiteTeamCountry "CZE"]
[BlackTeamCountry "CZE"]

1. e4 c5 2. Nf3 d6 3. d4 cxd4 4. Nxd4 Nf6 5. Nc3 a6 6. Be2 e5 7. Nb3 Be6 8. Be3 Be7 9. Nd5 Bxd5 10. exd5 0-0 11. Qd2 Nbd7 12. 0-0 b6 13. Rac1 Ne4 14. Qb4 f5 15. f3 Nec5 16. f4 g5 17. g3 h6 18. c4 Kh7 19. Qe1 Nxb3 20. axb3 gxf4 21. gxf4 Bh4 22. Qd2 Nc5 23. Qc2 exf4 24. Bxf4 Qf6 25. b4 Ne4 26. Bd3 Rae8 27. Ra1 Qd4+ 28. Kh1 Nf2+ 29. Rxf2 Bxf2 30. Bxf5+ Kh8 31. Bxh6 Rg8 32. Be6 Qf6 33. Qc3 Qxc3 34. bxc3 Rxe6 35. dxe6 Re8 36. Rf1 Rxe6 37. Rxf2 Rxh6 38. Ra2 Rh3 39. Rxa6 Rxc3 40. Rxb6 Rxc4 41. b5 Rb4 42. Rb8+ Kg7 43. b6 d5 44. Kg2 Rb2+ 45. Kf3 Rb4 46. Ke3 Kh7 47. Kd3 d4 48. Rb7+ Kg6 49. Rb8 Kg7 50. h4 Kh7 51. Ke4 Kg7 52. h5 Kh7 53. Rb7+ Kh6 54. Rb8 Kg7 55. b7 Kh7 56. h6 1-0

[Event "Zlin Region-chT 2223"]
[Site "Czech Republic"]
[Date "2022.10.09"]
[Round "1.3"]
[White "Pys, Zbynek"]
[Black "Smid, Jan Sr"]
[Result "1/2-1/2"]
[WhiteElo "1915"]
[BlackElo "1848"]
[PlyCount "43"]
[EventDate "2022.10.09"]
[EventType "team-tourn"]
[EventRounds "11"]
[EventCountry "CZE"]
[SourceTitle "EXT 2024"]
[Source "ChessBase"]
[SourceDate "2023.10.10"]
[SourceVersion "1"]
[SourceVersionDate "2023.10.10"]
[SourceQuality "1"]
[WhiteTeam "Valasska Bystrice Sokol"]
[BlackTeam "Stare Mesto  III"]
[WhiteTeamCountry "CZE"]
[BlackTeamCountry "CZE"]

1. Nf3 d5 2. d4 c6 3. e3 Bf5 4. Nbd2 Nf6 5. Be2 e6 6. 0-0 Be7 7. c4 h6 8. b3 0-0 9. Bb2 Nbd7 10. a3 a5 11. c5 Qc7 12. b4 axb4 13. axb4 b5 14. Nb3 Ra7 15. Rxa7 Qxa7 16. Na5 Qc7 17. Qb3 Ra8 18. Nd2 Ne4 19. Nxe4 Bxe4 20. f3 Bg6 21. Bd3 Bxd3 22. Qxd3 1/2-1/2

[Event "Valasska Bystrice op 13th"]
[Site "Valasska Bystrice"]
[Date "2022.09.12"]
[Round "4"]
[White "Soban, Jaroslav"]
[Black "Pys, Zbynek"]
[Result "1/2-1/2"]
[WhiteElo "2108"]
[BlackElo "1898"]
[PlyCount "50"]
[EventDate "2022.09.10"]
[EventType "swiss"]
[EventRounds "9"]
[EventCountry "CZE"]
[SourceTitle "CBM 210 Extra"]
[Source "ChessBase"]
[SourceDate "2022.11.30"]
[SourceVersion "1"]
[SourceVersionDate "2022.11.30"]
[SourceQuality "1"]

1. c4 c5 2. Nc3 Nc6 3. g3 g6 4. Bg2 Bg7 5. Nf3 Nf6 6. d4 cxd4 7. Nxd4 0-0 8. 0-0 Nxd4 9. Qxd4 d6 10. Qd2 a6 11. b3 Rb8 12. Bb2 Bd7 13. Rac1 Qa5 14. Rfd1 Qh5 15. f3 Bh6 16. e3 Bc6 17. Nd5 Bxd5 18. cxd5 Rbc8 19. f4 Bg7 20. e4 Ng4 21. h3 Bxb2 22. Rxc8 Rxc8 23. hxg4 Qxg4 24. Kh2 Rc7 25. Bh3 Qf3 1/2-1/2

[Event "Valasska Bystrice op 13th"]
[Site "Valasska Bystrice"]
[Date "2022.09.11"]
[Round "3"]
[White "Pys, Zbynek"]
[Black "Smutek, Jiri"]
[Result "1-0"]
[WhiteElo "1898"]
[BlackElo "1611"]
[PlyCount "93"]
[EventDate "2022.09.10"]
[EventType "swiss"]
[EventRounds "9"]
[EventCountry "CZE"]
[SourceTitle "CBM 210 Extra"]
[Source "ChessBase"]
[SourceDate "2022.11.30"]
[SourceVersion "1"]
[SourceVersionDate "2022.11.30"]
[SourceQuality "1"]

1. Nf3 d5 2. d4 Nf6 3. e3 e6 4. Nbd2 c5 5. c3 Be7 6. Be2 0-0 7. 0-0 Nc6 8. b3 a6 9. a4 Bd7 10. Bb2 cxd4 11. exd4 Qc7 12. Bd3 Bd6 13. Re1 e5 14. dxe5 Nxe5 15. Nxe5 Bxe5 16. Nf3 Bg4 17. h3 Bxf3 18. Qxf3 Rfe8 19. Re2 Rad8 20. Rae1 Bh2+ 21. Kh1 Rxe2 22. Rxe2 Be5 23. g3 Re8 24. Kg2 Qb6 25. b4 Qd6 26. Bb1 Qc6 27. Bc2 Qd6 28. Qd3 Rd8 29. f4 Bxf4 30. gxf4 Qxf4 31. Qg3 Nh5 32. Qf3 Qg5+ 33. Kh2 g6 34. Qg4 Qf6 35. Qd4 Qd6+ 36. Qe5 Qxe5+ 37. Rxe5 Kf8 38. Bc1 f6 39. Re1 Rc8 40. Bh6+ Ng7 41. Bb3 Rxc3 42. Bxd5 Rc2+ 43. Kg1 g5 44. Bxb7 Kf7 45. Bd5+ Kg6 46. Be4+ Kxh6 47. Bxc2 1-0

[Event "Valasska Bystrice op"]
[Site "Valasska Bystrice"]
[Date "2016.09.16"]
[Round "8"]
[White "Pys, Zbynek"]
[Black "Hrabal, Michal"]
[Result "0-1"]
[WhiteElo "1915"]
[BlackElo "2080"]
[PlyCount "122"]
[EventDate "2016.09.10"]
[EventType "swiss"]
[EventRounds "9"]
[EventCountry "CZE"]
[SourceTitle "CBM 174 Extra"]
[Source "ChessBase"]
[SourceDate "2016.10.10"]
[SourceVersion "1"]
[SourceVersionDate "2016.10.10"]
[SourceQuality "1"]

1. Nf3 Nf6 2. d4 g6 3. g3 Bg7 4. Bg2 0-0 5. 0-0 d6 6. c3 Nbd7 7. Nbd2 c5 8. e4 Rb8 9. b3 Qc7 10. Bb2 b6 11. Re1 e5 12. Rc1 Bb7 13. h4 Rbd8 14. d5 Bc8 15. Nf1 Nh5 16. c4 Ndf6 17. Ng5 Bd7 18. f3 Kh8 19. Rc2 Ng8 20. Nh3 h6 21. g4 Nhf6 22. Ng3 Rde8 23. Bc1 Qc8 24. Nf2 Nh7 25. Bh3 Qd8 26. h5 Qh4 27. Kg2 Ngf6 28. hxg6 fxg6 29. Rh1 Ng5 30. Bxg5 Qxg5 31. Qd2 Nh7 32. Nf1 Qf6 33. Qe3 Ng5 34. Nd2 Rf7 35. Rc3 Ref8 36. Rd3 Kh7 37. Kg3 Qf4+ 38. Kg2 Bf6 39. Rh2 Kg7 40. Nf1 Nh7 41. Qxf4 exf4 42. Nd1 Ng5 43. Nd2 Re7 44. Nc3 Bxc3 45. Rxc3 h5 46. gxh5 Bxh3+ 47. Rxh3 Nxh3 48. h6+ Kxh6 49. Kxh3 Kg5 50. Rc2 Rh8+ 51. Kg2 Kf6 52. Nf1 Reh7 53. Rd2 Ke5 54. a3 Rh5 55. b4 Rg5+ 56. Kf2 Rh1 57. bxc5 Rgg1 58. c6 Rxf1+ 59. Kg2 Rfg1+ 60. Kf2 Rc1 61. Kg2 Rh5 0-1

[Event "Valasska Bystrice op"]
[Site "Valasska Bystrice"]
[Date "2016.09.14"]
[Round "6"]
[White "Pys, Zbynek"]
[Black "Sabolova, Kristyna"]
[Result "1-0"]
[WhiteElo "1915"]
[BlackElo "1845"]
[PlyCount "65"]
[EventDate "2016.09.10"]
[EventType "swiss"]
[EventRounds "9"]
[EventCountry "CZE"]
[SourceTitle "CBM 174 Extra"]
[Source "ChessBase"]
[SourceDate "2016.10.10"]
[SourceVersion "1"]
[SourceVersionDate "2016.10.10"]
[SourceQuality "1"]

1. Nf3 d5 2. d4 Nf6 3. e3 e6 4. Be2 Be7 5. 0-0 0-0 6. Nbd2 c5 7. c3 Nc6 8. b3 b6 9. Bb2 Bb7 10. c4 Rc8 11. Rc1 Bd6 12. Ne5 Qe7 13. f4 cxd4 14. exd4 Ne4 15. Nxe4 dxe4 16. Bg4 f5 17. Nxc6 Bxc6 18. Be2 Rfd8 19. Qe1 Bb7 20. Rd1 Bb4 21. Qg3 a5 22. Kh1 Ba3 23. Ba1 Kh8 24. h4 Bc6 25. Qh3 Bd6 26. g4 Bd7 27. gxf5 exf5 28. Qg3 Qf7 29. Rg1 Be7 30. c5 b5 31. a4 bxa4 32. Bc4 Be6 33. Bxe6 1-0

[Event "Valasska Bystrice op"]
[Site "Valasska Bystrice"]
[Date "2016.09.13"]
[Round "5"]
[White "Kolibik, Jan"]
[Black "Pys, Zbynek"]
[Result "0-1"]
[WhiteElo "1639"]
[BlackElo "1915"]
[PlyCount "90"]
[EventDate "2016.09.10"]
[EventType "swiss"]
[EventRounds "9"]
[EventCountry "CZE"]
[SourceTitle "CBM 174 Extra"]
[Source "ChessBase"]
[SourceDate "2016.10.10"]
[SourceVersion "1"]
[SourceVersionDate "2016.10.10"]
[SourceQuality "1"]

1. g3 d5 2. Bg2 Nf6 3. d3 g6 4. b3 Bg7 5. Bb2 0-0 6. Nf3 c5 7. 0-0 Nc6 8. Nbd2 Re8 9. e4 e5 10. exd5 Nxd5 11. Nc4 f6 12. Re1 Be6 13. h3 Qd7 14. Kh2 Rad8 15. Qd2 b6 16. Rad1 Qc7 17. Qc1 Bf7 18. a3 b5 19. Ncd2 Nb6 20. Qb1 h6 21. Bf1 a6 22. Ne4 Ne7 23. Bc3 Ned5 24. Bd2 f5 25. Nc3 b4 26. Nxd5 Nxd5 27. a4 g5 28. Bg2 Bh5 29. Rc1 e4 30. Ng1 Nc3 31. Bxc3 Bxc3 32. Rf1 Bd2 33. dxe4 Bxc1 34. Qxc1 fxe4 35. Re1 Bg6 36. Bf1 Qd6 37. Bc4+ Kh7 38. Qe3 Rf8 39. Re2 a5 40. c3 bxc3 41. Qxc3 Qd4 42. Qe3 Qxe3 43. fxe3 Rd1 44. Rg2 Bf7 45. Rf2 Kg7 0-1

[Event "Valasska Bystrice op"]
[Site "Valasska Bystrice"]
[Date "2014.09.16"]
[Round "5"]
[White "Pys, Zbynek"]
[Black "Lys, Josef"]
[Result "0-1"]
[WhiteElo "1936"]
[BlackElo "2225"]
[PlyCount "106"]
[EventDate "2014.09.13"]
[EventType "swiss"]
[EventRounds "9"]
[EventCountry "CZE"]
[SourceTitle "CBM 162 Extra"]
[Source "ChessBase"]
[SourceDate "2014.10.17"]
[SourceVersion "1"]
[SourceVersionDate "2014.10.17"]
[SourceQuality "1"]

1. Nf3 d5 2. d4 Nf6 3. e3 Bg4 4. Be2 e6 5. Nbd2 Bd6 6. c4 c6 7. h3 Bh5 8. a3 Nbd7 9. b3 0-0 10. Bb2 Qc7 11. c5 Be7 12. b4 a6 13. 0-0 h6 14. Ne5 Bxe2 15. Qxe2 Nxe5 16. dxe5 Nd7 17. Nf3 a5 18. Rfc1 Ra6 19. e4 axb4 20. axb4 Rfa8 21. Rxa6 bxa6 22. exd5 cxd5 23. Ra1 Qb7 24. Nd4 Nb8 25. Ba3 Nc6 26. Nxc6 Qxc6 27. Bb2 Bd8 28. Bd4 Bc7 29. g3 g5 30. h4 Qb7 31. b5 axb5 32. Rxa8+ Qxa8 33. hxg5 Qa4 34. Qe3 h5 35. Bb2 Qc2 36. Qc3 Qe4 37. Qd4 Qe1+ 38. Kg2 b4 39. c6 b3 40. Qc3 Qxc3 41. Bxc3 Kg7 42. f4 Kg6 43. Bd4 Kf5 44. Kf3 Ba5 45. Bb2 Bb6 46. Bc3 d4 47. c7 Bxc7 48. Bxd4 Bb6 49. Bc3 Ba5 50. Bd4 Bb4 51. Bb2 Bc5 52. Ke2 Kg4 53. Kd3 Bf2 0-1

[Event "Valasska Bystrice op"]
[Site "Valasska Bystrice"]
[Date "2014.09.14"]
[Round "2"]
[White "Obsivac, Josef"]
[Black "Pys, Zbynek"]
[Result "1-0"]
[WhiteElo "2272"]
[BlackElo "1936"]
[PlyCount "97"]
[EventDate "2014.09.13"]
[EventType "swiss"]
[EventRounds "9"]
[EventCountry "CZE"]
[SourceTitle "CBM 162 Extra"]
[Source "ChessBase"]
[SourceDate "2014.10.17"]
[SourceVersion "1"]
[SourceVersionDate "2014.10.17"]
[SourceQuality "1"]

1. d4 d5 2. c4 e6 3. Nc3 Nf6 4. Bg5 Be7 5. e3 c6 6. Nf3 Nbd7 7. Qc2 h6 8. Bh4 b6 9. cxd5 exd5 10. Bd3 Bb7 11. 0-0 0-0 12. Rad1 Re8 13. Bf5 Ne4 14. Nxe4 dxe4 15. Qxe4 Bxh4 16. Qxh4 Qxh4 17. Nxh4 Nf6 18. Nf3 g6 19. Bd3 Nd7 20. Rfe1 Re7 21. e4 a6 22. Bc2 Rae8 23. h3 Kg7 24. b4 Nf6 25. e5 Nd5 26. a3 Rd8 27. Rc1 Nf4 28. Be4 Ne6 29. Bxc6 Nxd4 30. Nxd4 Rxd4 31. Bxb7 Rxb7 32. Re3 Re7 33. Rc6 Re6 34. Rc7 Rf4 35. g3 Rf5 36. f4 g5 37. Re4 gxf4 38. gxf4 Kg6 39. Rd4 a5 40. b5 f6 41. Rc6 Kf7 42. Rxe6 Kxe6 43. Rd6+ Ke7 44. Rxf6 Rxf6 45. exf6+ Kxf6 46. Kf2 a4 47. Kf3 Kf5 48. Ke3 h5 49. Kf3 1-0

[Event "Valasska Bystrice op"]
[Site "Valasska Bystrice"]
[Date "2014.09.14"]
[Round "3"]
[White "Pys, Zbynek"]
[Black "Barinka, Miroslav"]
[Result "1-0"]
[WhiteElo "1936"]
[BlackElo "1756"]
[PlyCount "55"]
[EventDate "2014.09.13"]
[EventType "swiss"]
[EventRounds "9"]
[EventCountry "CZE"]
[SourceTitle "CBM 162 Extra"]
[Source "ChessBase"]
[SourceDate "2014.10.17"]
[SourceVersion "1"]
[SourceVersionDate "2014.10.17"]
[SourceQuality "1"]

1. Nf3 b6 2. d4 Bb7 3. c4 g6 4. Nc3 Bg7 5. e4 e6 6. Be3 Ne7 7. Qd2 h6 8. 0-0-0 d6 9. Bd3 Qd7 10. Bc2 d5 11. exd5 exd5 12. b3 Na6 13. Ne5 Qe6 14. f4 0-0-0 15. Qe2 c6 16. g4 Nc7 17. Rhf1 Rde8 18. f5 gxf5 19. gxf5 Qd6 20. c5 bxc5 21. Nxf7 Qf6 22. Nxh8 Bxh8 23. Na4 c4 24. Nc5 Nb5 25. Qd2 Nd6 26. Qb4 Kc7 27. Bf4 Nec8 28. Qxb7+ 1-0

[Event "Ostrava op"]
[Site "Ostrava"]
[Date "2009.05.07"]
[Round "6"]
[White "Pys, Zbynek"]
[Black "Konstacky, Matej"]
[Result "1/2-1/2"]
[WhiteElo "1915"]
[BlackElo "2140"]
[PlyCount "59"]
[EventDate "2009.05.02"]
[EventType "swiss"]
[EventRounds "9"]
[EventCountry "CZE"]
[SourceTitle "EXT 2011"]
[Source "ChessBase"]
[SourceDate "2010.11.26"]
[SourceVersion "1"]
[SourceVersionDate "2010.11.26"]
[SourceQuality "1"]

1. Nf3 Nf6 2. g3 g6 3. Bg2 Bg7 4. 0-0 0-0 5. d4 d6 6. Nbd2 c6 7. e4 Qc7 8. c3 e5 9. Re1 Nbd7 10. b3 c5 11. Bb2 Ne8 12. dxe5 dxe5 13. a4 b6 14. Nc4 Bb7 15. Qc2 a6 16. Rad1 b5 17. axb5 axb5 18. Rxd7 Qxd7 19. Nb6 Qc7 20. Nxa8 Bxa8 21. c4 b4 22. Ng5 h6 23. Nh3 g5 24. f3 Qe7 25. f4 Nc7 26. f5 Rd8 27. Rd1 Na6 28. Nf2 Nb8 29. Rxd8+ Qxd8 30. Qd3 1/2-1/2

[Event "Ostrava op"]
[Site "Ostrava"]
[Date "2009.05.06"]
[Round "5"]
[White "Olsarova, Tereza"]
[Black "Pys, Zbynek"]
[Result "1-0"]
[WhiteElo "2105"]
[BlackElo "1915"]
[PlyCount "47"]
[EventDate "2009.05.02"]
[EventType "swiss"]
[EventRounds "9"]
[EventCountry "CZE"]
[SourceTitle "EXT 2011"]
[Source "ChessBase"]
[SourceDate "2010.11.26"]
[SourceVersion "1"]
[SourceVersionDate "2010.11.26"]
[SourceQuality "1"]

1. e4 e5 2. Nf3 Nc6 3. Bb5 a6 4. Ba4 Nf6 5. d4 Nxe4 6. Qe2 d5 7. Nxe5 Bd7 8. Nxc6 bxc6 9. f3 f5 10. fxe4 dxe4 11. 0-0 Bd6 12. Bb3 Qe7 13. Nc3 h5 14. Bf4 g5 15. Bxd6 cxd6 16. d5 c5 17. Bc4 a5 18. Bb5 Rb8 19. a4 Qe5 20. Qe3 Rg8 21. Qh3 Bxb5 22. axb5 f4 23. Qxh5+ Kd7 24. Qf7+ 1-0

[Event "Pobeskydy op"]
[Site "Frydek Mistek"]
[Date "2008.03.20"]
[Round "1"]
[White "Jegorovas, Aleksandras"]
[Black "Pys, Zbynek"]
[Result "1-0"]
[WhiteElo "2277"]
[BlackElo "1889"]
[PlyCount "40"]
[EventDate "2008.03.20"]
[EventType "swiss"]
[EventRounds "9"]
[EventCountry "CZE"]
[SourceTitle "EXT 2010"]
[Source "ChessBase"]
[SourceDate "2010.11.25"]
[SourceVersion "1"]
[SourceVersionDate "2010.11.25"]
[SourceQuality "1"]

1. d4 d5 2. c4 e6 3. Nf3 Nf6 4. g3 c6 5. Qc2 Nbd7 6. Bg2 b6 7. 0-0 Bb7 8. b3 Be7 9. Bb2 0-0 10. Nc3 c5 11. cxd5 exd5 12. Rad1 Rc8 13. dxc5 Bxc5 14. Qf5 Qe7 15. Ng5 h6 16. Bxd5 Bxd5 17. Nxd5 Qxe2 18. Bxf6 hxg5 19. Qxg5 g6 20. Qh6 Qh5 1-0